Sofía de España : (Registro nro. 15857)

Detalles MARC
000 -CABECERA
campo de control de longitud fija 01009cam a22003134a 4500
001 - NÚMERO DE CONTROL
campo de control 12809596
003 - IDENTIFICADOR DEL NÚMERO DE CONTROL
campo de control DO-SdBPM
005 - FECHA Y HORA DE LA ÚLTIMA TRANSACCIÓN
campo de control 20260520122937.0
007 - CAMPO FIJO DE DESCRIPCIÓN FÍSICA--INFORMACIÓN GENERAL
campo de control de longitud fija ta
008 - DATOS DE LONGITUD FIJA--INFORMACIÓN GENERAL
campo de control de longitud fija 020506s2005 sp a 000 0dspa
020 ## - NÚMERO INTERNACIONAL ESTÁNDAR DEL LIBRO
Número Internacional Estándar del Libro 844132087X
040 ## - FUENTE DE LA CATALOGACIÓN
Centro catalogador/agencia de origen DO-SdBPM
Lengua de catalogación spa
Centro/agencia transcriptor BPMSU
Centro/agencia modificador
Normas de descripción rda
082 04 - NÚMERO DE LA CLASIFICACIÓN DECIMAL DEWEY
Número de clasificación 929
Número de documento/Ítem S681R 2005
Número de edición 22
100 1# - ENTRADA PRINCIPAL--NOMBRE DE PERSONA
Nombre de persona Rincón, María Eugenia
Término indicativo de función/relación autora
Código de función/relación aut.
245 ## - MENCIÓN DE TÍTULO
Título Sofía de España :
Resto del título una mujer /
Mención de responsabilidad, etc. María Eugenia Rincón
246 ## - FORMA VARIANTE DE TÍTULO
Título propio/Titulo breve Sofía de España
264 ## - PRODUCCIÓN, PUBLICACIÓN, DISTRIBUCIÓN, FABRICACIÓN Y COPYRIGHT
Producción, publicación, distribución, fabricación y copyright Madrid :
Nombre del de productor, editor, distribuidor, fabricante ABC ;
Fecha de producción, publicación, distribución, fabricación o copyright 2005
300 ## - DESCRIPCIÓN FÍSICA
Extensión 281 páginas ;
Dimensiones 25 cm.
Otras características físicas
336 ## - TIPO DE CONTENIDO
Término de tipo de contenido texto
Código de tipo de contenido txt
Fuente rdacontent
337 ## - TIPO DE MEDIO
Nombre/término del tipo de medio sin mediación
Código del tipo de medio n
Fuente rdamedia
338 ## - TIPO DE SOPORTE
Nombre/término del tipo de soporte volumen
Código del tipo de soporte nc
Fuente rdacarrier
490 0# - MENCIÓN DE SERIE
Mención de serie Biografías vivas
504 ## - NOTA DE BIBLIOGRAFÍA, ETC.
Nota de bibliografía, etc. Bibliografía: páginas [285-286]
590 ## - NOTA LOCAL (RLIN)
Nota local Inventariado, 2026/VM
600 17 - PUNTO DE ACCESO ADICIONAL DE MATERIA--NOMBRE DE PERSONA
Nombre de persona Sofía,
Títulos y otros términos asociados al nombre Reina consorte de Juan Carlos I, Rey de España
Fechas asociadas al nombre 1938-
Subdivisión general Biografías
651 #4 - PUNTO DE ACCESO ADICIONAL DE MATERIA--NOMBRE GEOGRÁFICO
Nombre geográfico España
Subdivisión general Historia
910 ## - DATOS DE OPCIÓN DEL USUARIO (OCLC)
Datos de opción del usuario VMateo V. Control de calidad. BPMSU
942 ## - ELEMENTOS DE PUNTO DE ACCESO ADICIONAL (KOHA)
Fuente del sistema de clasificación o colocación Dewey Decimal Classification
Tipo de ítem Koha Libros
Existencias
Estado de retiro Estado de pérdida Fuente del sistema de clasificación o colocación No para préstamo Código de colección Localización permanente Ubicación/localización actual Fecha de adquisición Total de préstamos Signatura topográfica completa Código de barras Fecha visto por última vez Precio válido a partir de Tipo de ítem Koha
    Dewey Decimal Classification   Colección General Biblioteca Pública Metropolitana Salomé Ureña Biblioteca Pública Metropolitana Salomé Ureña 05/20/2026   BPMSU CG 929 S681R 2005 BPMSU26050091 05/20/2026 05/20/2026 Libros